[Event "Monarch Assurance Isle of Man 12th"]
[Site "Port Erin IOM"]
[Date "2003.10.01"]
[Round "5.4"]
[White "Kotronias, Vasilios"]
[Black "Sandipan, Chanda"]
[Result "1/2-1/2"]
[WhiteElo "2602"]
[BlackElo "2469"]
[PlyCount "87"]
[EventDate "2003.09.27"]
[EventType "swiss"]
[EventRounds "9"]
[EventCountry "IOM"]
[SourceTitle "BritBase"]
[SourceDate "2008.07.14"]
[SourceVersion "1"]
[SourceVersionDate "2008.07.14"]
[SourceQuality "2"]

1. e4 e5 2. Nf3 Nc6 3. Bb5 Nf6 4. O-O Nxe4 5. d4 Nd6 6. Bxc6 dxc6 7. dxe5 Nf5
8. Qxd8+ Kxd8 9. Nc3 Bd7 10. b3 Kc8 11. Bb2 b6 12. Rad1 Be7 13. h3 h6 14. Ne2
a5 15. a4 c5 16. Nf4 c4 17. e6 Bxe6 18. Nxe6 fxe6 19. bxc4 Bf6 20. Bxf6 gxf6
21. Nd2 Nd6 22. Rfe1 e5 23. f4 exf4 24. Rf1 Kb7 25. Rxf4 f5 26. Nb3 Rhe8 27. c5
bxc5 28. Nxc5+ Kb6 29. Nd7+ Kc6 30. Nf6 Re2 31. c4 Rc2 32. Rd3 Rb8 33. Nh5 Rb4
34. Ng7 Rxa4 35. Nxf5 Nxf5 36. Rxf5 Raa2 37. Rg3 Rxc4 38. Rg6+ Kb7 39. Rg4 Rxg4
40. hxg4 a4 41. g5 Rd2 42. Ra5 Rd4 43. g6 Rg4 44. g7 1/2-1/2

[Event "Monarch Assurance Isle of Man 12th"]
[Site "Port Erin IOM"]
[Date "2003.10.01"]
[Round "5.5"]
[White "Del Rio Angelis, Salvador Gabriel"]
[Black "Sulskis, Sarunas"]
[Result "0-1"]
[WhiteElo "2479"]
[BlackElo "2593"]
[PlyCount "100"]
[EventDate "2003.09.27"]
[EventType "swiss"]
[EventRounds "9"]
[EventCountry "IOM"]
[SourceTitle "BritBase"]
[SourceDate "2008.07.14"]
[SourceVersion "1"]
[SourceVersionDate "2008.07.14"]
[SourceQuality "2"]

1. e4 c5 2. Nf3 e6 3. d4 cxd4 4. Nxd4 Nf6 5. Nc3 Bb4 6. e5 Nd5 7. Bd2 Nxc3 8.
bxc3 Ba5 9. Bd3 d6 10. f4 dxe5 11. fxe5 Qc7 12. O-O Bxc3 13. Bxc3 Qxc3 14. Nb5
Qc5+ 15. Kh1 O-O 16. Nd6 Qxe5 17. Nxf7 Rxf7 18. Bxh7+ Kxh7 19. Rxf7 Kg8 20. Re7
Bd7 21. Rb1 Bc6 22. Qg4 Nd7 23. Rxe6 Qc3 24. Re7 Nf8 25. Rd1 Re8 26. Rxe8 Bxe8
27. Qf3 Qxf3 28. gxf3 Ne6 29. Kg2 Kf7 30. Kf2 Kf6 31. Ke3 g5 32. Rb1 Bc6 33.
Rb4 Nf4 34. Rc4 Ke5 35. Kf2 Bd5 36. Ra4 a6 37. a3 Bc6 38. Ra5+ Kf6 39. Rc5 Nh3+
40. Ke3 Ke6 41. Rc4 Nf4 42. Rd4 a5 43. Rd8 a4 44. Rg8 Kf6 45. Rf8+ Kg7 46. Rc8
Ng2+ 47. Kf2 Nh4 48. Kg3 Bxf3 49. c3 Bc6 50. Ra8 Ng6 0-1

[Event "Monarch Assurance Isle of Man 12th"]
[Site "Port Erin IOM"]
[Date "2003.10.01"]
[Round "5.6"]
[White "Fridman, Daniel"]
[Black "Pert, Richard"]
[Result "1-0"]
[WhiteElo "2592"]
[BlackElo "2380"]
[PlyCount "85"]
[EventDate "2003.09.27"]
[EventType "swiss"]
[EventRounds "9"]
[EventCountry "IOM"]
[SourceTitle "BritBase"]
[SourceDate "2008.07.14"]
[SourceVersion "1"]
[SourceVersionDate "2008.07.14"]
[SourceQuality "2"]

1. Nf3 d5 2. d4 Nf6 3. c4 e6 4. Nc3 dxc4 5. e3 a6 6. a4 b6 7. Bxc4 Bb7 8. O-O
Nbd7 9. Qe2 Bb4 10. Bd3 Be7 11. e4 c5 12. e5 Nd5 13. Nxd5 Bxd5 14. Bxa6 Bxf3
15. gxf3 cxd4 16. Rd1 O-O 17. Rxd4 Qc7 18. Bb5 Nc5 19. Rc4 Qb8 20. Bf4 Nb3 21.
Rd1 Rd8 22. Qc2 Na5 23. Rcd4 Rc8 24. Qe2 Nb3 25. Rd7 Bf8 26. Bg5 h6 27. Bh4 Nc5
28. R7d4 Nb3 29. Rc4 Rc5 30. f4 Qc7 31. Qf3 Rxc4 32. Bxc4 Qxc4 33. Qxa8 g5 34.
Rd8 Qb4 35. fxg5 Nd2 36. gxh6 Qg4+ 37. Qg2 Nf3+ 38. Kh1 Qxg2+ 39. Kxg2 Nxh4+
40. Kf1 Ng6 41. h4 f5 42. exf6 Kf7 43. h7 1-0

[Event "Monarch Assurance Isle of Man 12th"]
[Site "Port Erin IOM"]
[Date "2003.10.01"]
[Round "5.7"]
[White "Emms, John"]
[Black "Kuzmin, Alexey"]
[Result "0-1"]
[WhiteElo "2520"]
[BlackElo "2583"]
[PlyCount "72"]
[EventDate "2003.09.27"]
[EventType "swiss"]
[EventRounds "9"]
[EventCountry "IOM"]
[SourceTitle "BritBase"]
[SourceDate "2008.07.14"]
[SourceVersion "1"]
[SourceVersionDate "2008.07.14"]
[SourceQuality "2"]

1. e4 c5 2. c3 d5 3. exd5 Qxd5 4. d4 Nc6 5. Nf3 Bg4 6. dxc5 Qxd1+ 7. Kxd1 e5 8.
b4 a5 9. Bd2 Nf6 10. h3 Bxf3+ 11. gxf3 Be7 12. Bb5 O-O 13. Bxc6 bxc6 14. Kc2
Nd5 15. a3 Rfb8 16. Re1 Kf8 17. Re4 g6 18. Ra2 f5 19. Rc4 Kf7 20. Kb3 a4+ 21.
Kc2 g5 22. Kd3 Bf6 23. Ke2 Ke6 24. Bc1 Nc7 25. Rd2 Nb5 26. h4 gxh4 27. f4 e4
28. f3 exf3+ 29. Kxf3 Rg8 30. Re2+ Kf7 31. Be3 Rg3+ 32. Kf2 Re8 33. Re1 Kg6 34.
Re2 Kh5 35. Bd4 Rxe2+ 36. Kxe2 h3 0-1

[Event "Monarch Assurance Isle of Man 12th"]
[Site "Port Erin IOM"]
[Date "2003.10.01"]
[Round "5.8"]
[White "Agdestein, Simen"]
[Black "Kiseleva, Natalia"]
[Result "1-0"]
[WhiteElo "2571"]
[BlackElo "2322"]
[PlyCount "71"]
[EventDate "2003.09.27"]
[EventType "swiss"]
[EventRounds "9"]
[EventCountry "IOM"]
[SourceTitle "BritBase"]
[SourceDate "2008.07.14"]
[SourceVersion "1"]
[SourceVersionDate "2008.07.14"]
[SourceQuality "2"]

1. d4 g6 2. c4 Nf6 3. Nc3 Bg7 4. e4 d6 5. f3 O-O 6. Bg5 a6 7. Nge2 c6 8. Nc1
Nbd7 9. a4 h6 10. Be3 e5 11. d5 cxd5 12. cxd5 Nh5 13. Nd3 f5 14. Qd2 Kh7 15.
Be2 fxe4 16. fxe4 Ndf6 17. O-O Bg4 18. Nf2 Bxe2 19. Nxe2 Qd7 20. h3 g5 21. g4
Nf4 22. Ng3 h5 23. Nf5 hxg4 24. hxg4 Kg6 25. Bxf4 gxf4 26. Qb4 Ne8 27. Rac1 Rh8
28. Kg2 Bf8 29. Rh1 Rxh1 30. Rxh1 Nf6 31. Rh8 Rd8 32. Qb3 Bg7 33. Rxd8 Qxd8 34.
Qxb7 Ne8 35. Nh3 a5 36. g5 1-0

[Event "Monarch Assurance Isle of Man 12th"]
[Site "Port Erin IOM"]
[Date "2003.10.01"]
[Round "5.10"]
[White "Handke, Florian"]
[Black "Kogan, Artur"]
[Result "0-1"]
[WhiteElo "2476"]
[BlackElo "2534"]
[PlyCount "90"]
[EventDate "2003.09.27"]
[EventType "swiss"]
[EventRounds "9"]
[EventCountry "IOM"]
[SourceTitle "BritBase"]
[SourceDate "2008.07.14"]
[SourceVersion "1"]
[SourceVersionDate "2008.07.14"]
[SourceQuality "2"]

1. e4 d5 2. exd5 Qxd5 3. Nc3 Qa5 4. d4 Nf6 5. Bd2 c6 6. Bc4 Qb6 7. Bb3 Bf5 8.
Nf3 e6 9. Be3 Qa5 10. Ne5 Bb4 11. Bd2 Nbd7 12. a3 Bxc3 13. Bxc3 Qc7 14. Qe2 Ne4
15. Bb4 Nxe5 16. dxe5 a5 17. Bc3 Nxc3 18. bxc3 a4 19. Bc4 Qa5 20. Qe3 Bxc2 21.
Rc1 Bb3 22. Bxb3 axb3 23. Rb1 Qb5 24. c4 Qxc4 25. Rxb3 O-O 26. Qd3 Qxd3 27.
Rxd3 Ra5 28. O-O Rxe5 29. Rb3 b5 30. Rc1 Rc8 31. f4 Rf5 32. g3 Kf8 33. Rb4 Ke7
34. Kg2 Kd7 35. Kf3 Ra8 36. Rc3 Ra5 37. Rb2 c5 38. Rbc2 c4 39. Rb2 Kc6 40. Rbc2
Ra7 41. Kg4 h5+ 42. Kf3 Rd7 43. Re3 Ra7 44. Rcc3 Rd5 45. Ke4 Rad7 0-1

[Event "Monarch Assurance Isle of Man 12th"]
[Site "Port Erin IOM"]
[Date "2003.10.01"]
[Round "5.11"]
[White "Williams, Simon K"]
[Black "Motwani, Paul"]
[Result "1/2-1/2"]
[WhiteElo "2381"]
[BlackElo "2525"]
[PlyCount "48"]
[EventDate "2003.09.27"]
[EventType "swiss"]
[EventRounds "9"]
[EventCountry "IOM"]
[SourceTitle "BritBase"]
[SourceDate "2008.07.14"]
[SourceVersion "1"]
[SourceVersionDate "2008.07.14"]
[SourceQuality "2"]

1. d4 e6 2. c4 Nf6 3. Nf3 b6 4. a3 Ba6 5. Qc2 Bb7 6. Nc3 c5 7. e4 cxd4 8. Nxd4
Bc5 9. Nb3 Nc6 10. Bg5 h6 11. Bh4 Nd4 12. Nxd4 Bxd4 13. Bg3 O-O 14. f3 d5 15.
O-O-O dxe4 16. Nb5 e5 17. Nxd4 exd4 18. Be5 d3 19. Qc3 Rc8 20. Bxf6 Qxf6 21.
Qxf6 gxf6 22. fxe4 Rxc4+ 23. Kb1 Rd8 24. Bxd3 Rcd4 1/2-1/2

[Event "Monarch Assurance Isle of Man 12th"]
[Site "Port Erin IOM"]
[Date "2003.10.01"]
[Round "5.12"]
[White "Moreno Carnero, Javier"]
[Black "Davies, Nigel"]
[Result "1/2-1/2"]
[WhiteElo "2512"]
[BlackElo "2482"]
[PlyCount "59"]
[EventDate "2003.09.27"]
[EventType "swiss"]
[EventRounds "9"]
[EventCountry "IOM"]
[SourceTitle "BritBase"]
[SourceDate "2008.07.14"]
[SourceVersion "1"]
[SourceVersionDate "2008.07.14"]
[SourceQuality "2"]

1. e4 e5 2. Nf3 Nc6 3. Bb5 a6 4. Ba4 Nf6 5. O-O Be7 6. Re1 b5 7. Bb3 d6 8. c3
O-O 9. h3 Na5 10. Bc2 c5 11. d4 Nd7 12. dxc5 dxc5 13. Nbd2 Bb7 14. b3 Re8 15.
Nf1 Bf8 16. Bg5 f6 17. Bd2 Nb6 18. Ne3 c4 19. Qe2 Bc8 20. Red1 Qc7 21. b4 Nb7
22. a4 Be6 23. a5 Nc8 24. Nh4 Ne7 25. Nhf5 Rad8 26. Be1 Rxd1 27. Rxd1 Rd8 28.
h4 Rxd1 29. Qxd1 Qd7 30. Qf3 1/2-1/2

[Event "Monarch Assurance Isle of Man 12th"]
[Site "Port Erin IOM"]
[Date "2003.10.01"]
[Round "5.13"]
[White "Grunberg, Mihai"]
[Black "Epishin, Vladimir"]
[Result "1/2-1/2"]
[WhiteElo "2406"]
[BlackElo "2642"]
[PlyCount "78"]
[EventDate "2003.09.27"]
[EventType "swiss"]
[EventRounds "9"]
[EventCountry "IOM"]
[SourceTitle "BritBase"]
[SourceDate "2008.07.14"]
[SourceVersion "1"]
[SourceVersionDate "2008.07.14"]
[SourceQuality "2"]

1. Nf3 Nf6 2. g3 b5 3. b3 g6 4. Bb2 Bg7 5. Bg2 Bb7 6. c4 bxc4 7. bxc4 d6 8. O-O
Nbd7 9. d3 Rb8 10. Qc2 O-O 11. Nbd2 e5 12. Nb3 Re8 13. e4 c5 14. Bc3 Nf8 15.
Na5 Ba8 16. Rfb1 Qc7 17. Rxb8 Rxb8 18. Rb1 Rb6 19. Nb3 Qc8 20. Nbd2 N6d7 21. a3
Rxb1+ 22. Qxb1 Nb8 23. Bh3 Ne6 24. Ng5 Nc6 25. Nxe6 fxe6 26. Nf3 Bf6 27. Bd2
Kf7 28. Bg5 Qd8 29. Qc1 Nd4 30. Nxd4 Bxg5 31. f4 Bxf4 32. Bxe6+ Kg7 33. gxf4
exd4 34. Qd2 a5 35. Bd5 Bxd5 36. cxd5 Qd7 37. Qd1 Qh3 38. Qe2 Qh4 39. Qd2 h5 {
both scores illegible... 60 moves} 1/2-1/2

[Event "Monarch Assurance Isle of Man 12th"]
[Site "Port Erin IOM"]
[Date "2003.10.01"]
[Round "5.14"]
[White "Maze, Sebastien"]
[Black "Luther, Thomas"]
[Result "0-1"]
[WhiteElo "2412"]
[BlackElo "2574"]
[PlyCount "64"]
[EventDate "2003.09.27"]
[EventType "swiss"]
[EventRounds "9"]
[EventCountry "IOM"]
[SourceTitle "BritBase"]
[SourceDate "2008.07.14"]
[SourceVersion "1"]
[SourceVersionDate "2008.07.14"]
[SourceQuality "2"]

1. e4 e6 2. d4 d5 3. Nc3 Nf6 4. Bg5 dxe4 5. Nxe4 Nbd7 6. Nf3 h6 7. Bxf6 Nxf6 8.
Nxf6+ Qxf6 9. Bd3 Bd6 10. Qe2 Bd7 11. O-O-O O-O-O 12. Kb1 Bc6 13. Be4 Bxe4 14.
Qxe4 Qf4 15. Qxf4 Bxf4 16. Ne5 Bxe5 17. dxe5 Rd5 18. f4 Rhd8 19. Kc1 Ra5 20. a3
Ra4 21. g3 Rd5 22. Rhe1 Kd7 23. Re3 c5 24. Rde1 Kc6 25. c3 Ra5 26. Re4 b5 27.
Kc2 Ra6 28. g4 Rb6 29. c4 Rd7 30. cxb5+ Kxb5 31. R1e3 Rd5 32. Rc3 a5 {both
scores illegible...55 moves} 0-1

[Event "Monarch Assurance Isle of Man 12th"]
[Site "Port Erin IOM"]
[Date "2003.10.01"]
[Round "5.15"]
[White "Halkias, Stelios"]
[Black "Bae, Torstein"]
[Result "1-0"]
[WhiteElo "2560"]
[BlackElo "2366"]
[PlyCount "51"]
[EventDate "2003.09.27"]
[EventType "swiss"]
[EventRounds "9"]
[EventCountry "IOM"]
[SourceTitle "BritBase"]
[SourceDate "2008.07.14"]
[SourceVersion "1"]
[SourceVersionDate "2008.07.14"]
[SourceQuality "2"]

1. d4 d5 2. c4 Nc6 3. cxd5 Qxd5 4. e3 e5 5. Nc3 Bb4 6. Bd2 Bxc3 7. bxc3 Nf6 8.
Ne2 O-O 9. c4 Qd6 10. d5 Ne7 11. Nc3 c6 12. e4 Nd7 13. Be2 f5 14. O-O Nf6 15.
Qb3 Kh8 16. f3 b5 17. cxb5 cxd5 18. Bc1 dxe4 19. Ba3 Qb6+ 20. Kh1 Be6 21. Na4
Bxb3 22. Nxb6 Rae8 23. Nc8 exf3 24. gxf3 Nxc8 25. Bxf8 Bd5 26. Bc5 1-0

[Event "Monarch Assurance Isle of Man 12th"]
[Site "Port Erin IOM"]
[Date "2003.10.01"]
[Round "5.16"]
[White "Hebden, Mark"]
[Black "Valaker, Ole J"]
[Result "1-0"]
[WhiteElo "2544"]
[BlackElo "2207"]
[PlyCount "67"]
[EventDate "2003.09.27"]
[EventType "swiss"]
[EventRounds "9"]
[EventCountry "IOM"]
[SourceTitle "BritBase"]
[SourceDate "2008.07.14"]
[SourceVersion "1"]
[SourceVersionDate "2008.07.14"]
[SourceQuality "2"]

1. d4 d5 2. c4 Nc6 3. Nf3 e5 4. dxe5 d4 5. g3 a5 6. Bg2 Bc5 7. O-O Be6 8. Nbd2
Nge7 9. b3 Ng6 10. Ne4 Ba7 11. Ba3 Qd7 12. Bc5 Bf5 13. Bxa7 Bxe4 14. Bc5 O-O-O
15. Qd2 Qf5 16. Rad1 d3 17. Rfe1 b6 18. Ba3 Bxf3 19. exf3 Nd4 20. f4 Nc2 21.
Bb2 Nxe1 22. Rxe1 Rhe8 23. c5 Kb8 24. cxb6 cxb6 25. Qe3 Ka7 26. Bd4 Rb8 27. Qd2
Ka6 28. Be4 Qd7 29. Bxd3+ Kb7 30. Be4+ Ka6 31. b4 Qa4 32. b5+ Ka7 33. Bxb6+
Kxb6 34. Qd6+ 1-0

[Event "Monarch Assurance Isle of Man 12th"]
[Site "Port Erin IOM"]
[Date "2003.10.01"]
[Round "5.17"]
[White "Mikhalevski, Victor"]
[Black "Menacher, Manfred"]
[Result "1-0"]
[WhiteElo "2523"]
[BlackElo "2327"]
[PlyCount "95"]
[EventDate "2003.09.27"]
[EventType "swiss"]
[EventRounds "9"]
[EventCountry "IOM"]
[SourceTitle "BritBase"]
[SourceDate "2008.07.14"]
[SourceVersion "1"]
[SourceVersionDate "2008.07.14"]
[SourceQuality "2"]

1. d4 c5 2. d5 Nf6 3. c4 e6 4. g3 exd5 5. cxd5 d6 6. Nc3 g6 7. Bg2 Bg7 8. Nf3
O-O 9. O-O a6 10. a4 Re8 11. Nd2 Nbd7 12. h3 Rb8 13. Nc4 Nb6 14. Na3 Bd7 15. e4
Qc7 16. Be3 Nc8 17. Qd3 Na7 18. Nc4 b5 19. axb5 Nxb5 20. Bd2 Bc8 21. Bf4 Bf8
22. Be3 Nd7 23. Ne2 Bg7 24. Rfc1 Ne5 25. Nxe5 Bxe5 26. Qd2 Qe7 27. Rab1 Bd7 28.
Ra1 Bc8 29. f4 Bg7 30. Ra4 Qd7 31. Rac4 Bb7 32. g4 f5 33. exf5 gxf5 34. Bf3
Bxb2 35. Ng3 Bxc1 36. Qxc1 Rxe3 37. Qxe3 Re8 38. Qd2 fxg4 39. Nh5 Qe7 40. Re4
gxf3 41. f5 Nd4 42. Rxe7 Rxe7 43. Qh6 f2+ 44. Kxf2 Bc8 45. Qxd6 Re2+ 46. Kf1
Bxf5 47. Qd8+ Kf7 48. Qf6+ 1-0

[Event "Monarch Assurance Isle of Man 12th"]
[Site "Port Erin IOM"]
[Date "2003.10.01"]
[Round "5.18"]
[White "Gabrielsen, Trond"]
[Black "Van der Weide, Karel"]
[Result "0-1"]
[WhiteElo "2228"]
[BlackElo "2412"]
[PlyCount "88"]
[EventDate "2003.09.27"]
[EventType "swiss"]
[EventRounds "9"]
[EventCountry "IOM"]
[SourceTitle "BritBase"]
[SourceDate "2008.07.14"]
[SourceVersion "1"]
[SourceVersionDate "2008.07.14"]
[SourceQuality "2"]

1. e4 c5 2. Nf3 Nc6 3. Bb5 g6 4. Bxc6 dxc6 5. d3 Bg7 6. h3 e5 7. Nc3 Qe7 8. Be3
Nf6 9. a4 O-O 10. O-O h6 11. a5 Kh7 12. Na4 Nd7 13. Nd2 b5 14. axb6 axb6 15.
Nc3 Ba6 16. f4 exf4 17. Bxf4 b5 18. Qf3 b4 19. Nd1 Ne5 20. Qf2 c4 21. dxc4 Nxc4
22. Rxa6 Rxa6 23. Nxc4 Qxe4 24. Nd6 Qd4 25. Qxd4 Bxd4+ 26. Be3 c5 27. Bxd4 cxd4
28. Nb5 Rd8 29. Rxf7+ Kg8 30. Rf1 Rb6 31. Nxd4 Rxd4 32. c3 Rd2 33. cxb4 Rxb4
34. Ne3 Rbxb2 35. Rf3 h5 36. Rg3 Kh7 37. Kh2 Re2 38. Nc4 Rb1 39. Nd6 Ree1 40.
Rc3 h4 41. Rc7+ Kg8 42. Rc8+ Kg7 43. Rc7+ Kf8 44. g3 Re2# 0-1

[Event "Monarch Assurance Isle of Man 12th"]
[Site "Port Erin IOM"]
[Date "2003.10.01"]
[Round "5.19"]
[White "Al Modiahki, Mohamad"]
[Black "Bjarnason, Oskar"]
[Result "1-0"]
[WhiteElo "2574"]
[BlackElo "2261"]
[PlyCount "47"]
[EventDate "2003.09.27"]
[EventType "swiss"]
[EventRounds "9"]
[EventCountry "IOM"]
[SourceTitle "BritBase"]
[SourceDate "2008.07.14"]
[SourceVersion "1"]
[SourceVersionDate "2008.07.14"]
[SourceQuality "2"]

1. e4 c5 2. Nf3 e6 3. d4 cxd4 4. Nxd4 a6 5. Bd3 Qc7 6. O-O Nf6 7. Qe2 d6 8. c4
Bd7 9. Nc3 Nc6 10. Nxc6 bxc6 11. c5 a5 12. Bf4 e5 13. cxd6 Bxd6 14. Bg5 Ng4 15.
h3 h6 16. Bh4 g5 17. Bg3 Nf6 18. Rac1 Qa7 19. Rfd1 h5 20. Bc4 Bc7 21. Qf3 Ke7
22. Rxd7+ Nxd7 23. Qxf7+ Kd8 24. Rd1 1-0

[Event "Monarch Assurance Isle of Man 12th"]
[Site "Port Erin IOM"]
[Date "2003.10.01"]
[Round "5.21"]
[White "Jonkman, Harmen"]
[Black "Porat, David"]
[Result "0-1"]
[WhiteElo "2424"]
[BlackElo "2235"]
[PlyCount "170"]
[EventDate "2003.09.27"]
[EventType "swiss"]
[EventRounds "9"]
[EventCountry "IOM"]
[SourceTitle "BritBase"]
[SourceDate "2008.07.14"]
[SourceVersion "1"]
[SourceVersionDate "2008.07.14"]
[SourceQuality "2"]

1. e4 c5 2. c3 d5 3. exd5 Qxd5 4. d4 Nf6 5. Nf3 Bg4 6. dxc5 Qxc5 7. h3 Be6 8.
Na3 g6 9. Qa4+ Nbd7 10. Be3 Qc8 11. c4 Bg7 12. Nd4 O-O 13. Nxe6 Nb6 14. Qb3
Qxe6 15. Nb5 Rfd8 16. Nc7 Qc6 17. Nxa8 Rxa8 18. O-O-O Rc8 19. Kb1 Na4 20. Rc1
Ne4 21. Rc2 Nec5 22. Bxc5 Nxc5 23. Qf3 Qb6 24. Be2 Ne6 25. Qb3 Qc7 26. Rd2 Nd4
27. Qa4 a6 28. Rhd1 e5 29. Bf3 Bh6 30. Rxd4 exd4 31. Rxd4 Bg7 32. Rd7 Qe5 33.
Rxb7 Rd8 34. a3 Rd2 35. Qb4 Qe1+ 36. Ka2 Rxb2+ 37. Qxb2 Bxb2 38. Rxb2 Qc3 39.
Bd5 Kg7 40. f4 h5 41. Kb1 Qd3+ 42. Ka2 f6 43. Rb7+ Kh6 44. Kb2 a5 45. Rb8 Qd4+
46. Kc2 Qf2+ 47. Kd3 Qf1+ 48. Ke3 Qc1+ 49. Ke4 Qxa3 50. Kd4 Qg3 51. Kc5 Qxf4
52. Ra8 Qd2 53. Kd6 Qb4+ 54. c5 a4 55. Ra6 Qb8+ 56. Kc6 Qe8+ 57. Kb6 Qd8+ 58.
Kc6 g5 59. Be6 Qe8+ 60. Kd6 Qb5 61. Ra8 Qb4 62. Rc8 a3 63. Kd7 a2 64. Bxa2 Qd2+
65. Kc7 Qxa2 66. c6 Qxg2 67. Rd8 Qxh3 68. Rd6 Qg3 69. Kd7 Qg4+ 70. Kd8 Qf4 71.
Kd7 Qf5+ 72. Kd8 Qe5 73. Kd7 Qb5 74. Kd8 Qc5 75. Kd7 g4 76. c7 g3 77. Rxf6+ Kg7
78. Rc6 Qd5+ 79. Rd6 Qb7 80. Rd3 g2 81. Rg3+ Kf6 82. Kd8 Qd5+ 83. Ke8 Qc6+ 84.
Kd8 Qd6+ 85. Kc8 Qxg3 0-1

[Event "Monarch Assurance Isle of Man 12th"]
[Site "Port Erin IOM"]
[Date "2003.10.01"]
[Round "5.22"]
[White "Lane, Gary W"]
[Black "Ashton, Adam"]
[Result "1-0"]
[WhiteElo "2412"]
[BlackElo "2234"]
[PlyCount "51"]
[EventDate "2003.09.27"]
[EventType "swiss"]
[EventRounds "9"]
[EventCountry "IOM"]
[SourceTitle "BritBase"]
[SourceDate "2008.07.14"]
[SourceVersion "1"]
[SourceVersionDate "2008.07.14"]
[SourceQuality "2"]

1. e4 e5 2. Nf3 Nc6 3. Bb5 a6 4. Ba4 Nf6 5. O-O Be7 6. Qe2 b5 7. Bb3 O-O 8. c3
d5 9. d3 Re8 10. Nbd2 Bf8 11. a3 Bb7 12. Re1 Na5 13. Ba2 c5 14. b4 cxb4 15.
axb4 Nc6 16. exd5 Nxd5 17. Ne4 Bc8 18. Nfg5 Ra7 19. Qf3 Be6 20. Nxe6 fxe6 21.
Ng5 Rd7 22. Qh3 h6 23. Nxe6 Qf6 24. Bxd5 Rxd5 25. Nc7 Red8 26. Nxd5 1-0

[Event "Monarch Assurance Isle of Man 12th"]
[Site "Port Erin IOM"]
[Date "2003.10.01"]
[Round "5.23"]
[White "Radovanovic, Jovica"]
[Black "Prasad, Devaki V"]
[Result "0-1"]
[WhiteElo "2239"]
[BlackElo "2407"]
[PlyCount "52"]
[EventDate "2003.09.27"]
[EventType "swiss"]
[EventRounds "9"]
[EventCountry "IOM"]
[SourceTitle "BritBase"]
[SourceDate "2008.07.14"]
[SourceVersion "1"]
[SourceVersionDate "2008.07.14"]
[SourceQuality "2"]

1. e4 c6 2. d4 d5 3. Nc3 dxe4 4. Nxe4 Bf5 5. Ng3 Bg6 6. h4 h6 7. Nf3 Nd7 8. h5
Bh7 9. Bd3 Bxd3 10. Qxd3 e6 11. Bf4 Ngf6 12. O-O-O Be7 13. Kb1 O-O 14. Ne4 Qa5
15. Nxf6+ Nxf6 16. Ne5 Rad8 17. Qe2 Qb6 18. Rd3 Rxd4 19. Ng6 fxg6 20. Qxe6+ Kh8
21. Qxe7 Re8 22. Qf7 Rxf4 23. Rd7 Nxd7 24. Qxe8+ Nf8 25. g3 Rxf2 26. hxg6 c5
0-1

[Event "Monarch Assurance Isle of Man 12th"]
[Site "Port Erin IOM"]
[Date "2003.10.01"]
[Round "5.24"]
[White "Spence, David J"]
[Black "Hunt, Harriet"]
[Result "0-1"]
[WhiteElo "2187"]
[BlackElo "2402"]
[PlyCount "86"]
[EventDate "2003.09.27"]
[EventType "swiss"]
[EventRounds "9"]
[EventCountry "IOM"]
[SourceTitle "BritBase"]
[SourceDate "2008.07.14"]
[SourceVersion "1"]
[SourceVersionDate "2008.07.14"]
[SourceQuality "2"]

1. e4 c6 2. d4 d5 3. e5 Bf5 4. Be2 e6 5. Nf3 Nd7 6. O-O h6 7. b3 Ne7 8. c4 Ng6
9. Na3 Nf4 10. Bxf4 Bxa3 11. Bc1 Be7 12. cxd5 cxd5 13. Bd3 Bxd3 14. Qxd3 O-O
15. Bb2 Qa5 16. a3 Rfc8 17. Rfc1 Rab8 18. g3 Rc6 19. Nd2 Rbc8 20. b4 Qa4 21.
Nb3 b6 22. Rxc6 Rxc6 23. Rc1 {(=)} Rxc1+ 24. Bxc1 a5 25. bxa5 bxa5 26. Bd2 Bd8
27. Nc5 Nxc5 28. dxc5 Qd1+ 29. Kg2 Bc7 30. Qc3 a4 31. Be3 Qb1 32. Bd4 Kf8 33.
f3 Qb5 34. Qc2 Ke8 35. h4 Kd7 36. h5 Kc6 37. Kh3 Qb3 38. Qe2 Qc4 39. Qb2 Qf1+
40. Kg4 Qd3 41. f4 Qd1+ 42. Kh4 Qh1+ 43. Kg4 g6 0-1

[Event "Monarch Assurance Isle of Man 12th"]
[Site "Port Erin IOM"]
[Date "2003.10.01"]
[Round "5.25"]
[White "Cioara, Andrei N"]
[Black "Gordon, Stephen J"]
[Result "1-0"]
[WhiteElo "2394"]
[BlackElo "2216"]
[PlyCount "87"]
[EventDate "2003.09.27"]
[EventType "swiss"]
[EventRounds "9"]
[EventCountry "IOM"]
[SourceTitle "BritBase"]
[SourceDate "2008.07.14"]
[SourceVersion "1"]
[SourceVersionDate "2008.07.14"]
[SourceQuality "2"]

1. d4 Nf6 2. c4 g6 3. g3 Bg7 4. Bg2 O-O 5. Nf3 d5 6. O-O dxc4 7. Na3 Nc6 8.
Nxc4 Be6 9. b3 Bd5 10. Bb2 a5 11. Rc1 Qc8 12. a3 Qe6 13. Re1 Ne4 14. Qc2 Rfc8
15. e3 h6 16. Re2 f5 17. Ne1 a4 18. b4 Qf7 19. Nd3 Ng5 20. Nf4 Be4 21. Bxe4
fxe4 22. Nd2 Nf3+ 23. Nxf3 exf3 24. Rd2 g5 25. Nd3 Rd8 26. Qc4 e6 27. Nc5 Rd5
28. e4 b5 29. Qxb5 Nxd4 30. Qb7 Rf8 31. Bxd4 Rxd4 32. Rxd4 Bxd4 33. Qc6 Re8 34.
Nd3 Bb6 35. Ne5 Qf8 36. Nd7 Qf7 37. Nf6+ Qxf6 38. Qxe8+ Kg7 39. Rd1 h5 40. Rd7+
Kh6 41. e5 Qxe5 42. Qf8+ Kg6 43. Qf7+ Kh6 44. Qh7# 1-0

[Event "Monarch Assurance Isle of Man 12th"]
[Site "Port Erin IOM"]
[Date "2003.10.01"]
[Round "5.26"]
[White "Shaw, David A"]
[Black "Aagaard, Jacob"]
[Result "0-1"]
[WhiteElo "2183"]
[BlackElo "2360"]
[PlyCount "82"]
[EventDate "2003.09.27"]
[EventType "swiss"]
[EventRounds "9"]
[EventCountry "IOM"]
[SourceTitle "BritBase"]
[SourceDate "2008.07.14"]
[SourceVersion "1"]
[SourceVersionDate "2008.07.14"]
[SourceQuality "2"]

1. e4 c5 2. Nf3 Nc6 3. d4 cxd4 4. Nxd4 Nf6 5. Nc3 e5 6. Ndb5 h6 7. Nd5 Nxd5 8.
exd5 a6 9. dxc6 axb5 10. cxd7+ Bxd7 11. Qd5 Qc7 12. Bd2 Bc5 13. Qb3 Qb6 14. Be3
Qa5+ 15. c3 Bxe3 16. fxe3 Qb6 17. O-O-O Qxe3+ 18. Kb1 Bf5+ 19. Ka1 O-O 20. Bxb5
Qf2 21. Rdf1 Qxg2 22. Bc4 Qc6 23. Rhg1 Qd7 24. Qb6 Kh7 25. Qe3 Rae8 26. Qf3 g6
27. h4 Be6 28. Bxe6 Rxe6 29. h5 g5 30. Qe4+ Kg7 31. Rf5 Qc6 32. Qe3 f6 33. Rd1
Rd6 34. Rff1 Rfd8 35. Rxd6 Rxd6 36. Qf2 Qd7 37. Qf3 e4 38. Qe2 Rd2 39. Qe1 e3
40. Qb1 f5 41. a3 e2 0-1